|
|
|
|
| LEADER |
00000naa2a2200000 4500 |
| 001 |
132842 |
| 005 |
20240122154216.0 |
| 035 |
|
|
|a (RuTPU)RU\TPU\book\143839
|
| 090 |
|
|
|a 132842
|
| 100 |
|
|
|a 20080307d2007 k y0rusy50 ca
|
| 101 |
0 |
|
|a rus
|
| 102 |
|
|
|a RU
|
| 200 |
1 |
|
|a Дифференциированный подход к измерению уровня конкурентоспособности
|f Т. С. Селевич
|
| 461 |
|
0 |
|0 (RuTPU)RU\TPU\book\169966
|t Энергия молодых - экономике России
|o труды VIII Международной научно-практической конференции студентов и молодых ученых, г. Томск, 19-22 марта 2007 г.
|f Томский политехнический университет (ТПУ) ; Вольное экономическое общество России (ВЭО России) ; Международный союз экономистов (МСЭ)
|d 2007
|
| 463 |
|
0 |
|0 (RuTPU)RU\TPU\book\136477
|t [Ч. 1]
|v С. 358-362
|d 2007
|
| 610 |
1 |
|
|a конкурентоспособность
|
| 610 |
1 |
|
|a дифференциация
|
| 610 |
1 |
|
|a измерения
|
| 610 |
1 |
|
|a конкурентная борьба
|
| 610 |
1 |
|
|a предприятия
|
| 610 |
1 |
|
|a продукция
|
| 610 |
1 |
|
|a труды учёных ТПУ
|
| 700 |
|
1 |
|a Селевич
|b Т. С.
|c экономист
|c доцент Томского политехнического университета, кандидат экономических наук
|f 1980-
|g Татьяна Семеновна
|3 (RuTPU)RU\TPU\pers\25442
|9 11384
|
| 801 |
|
1 |
|a RU
|b 63413507
|c 20080307
|g PSBO
|
| 801 |
|
2 |
|a RU
|b 63413507
|c 20161007
|g RCR
|
| 942 |
|
|
|c BK
|